vocabulaire grec ancien 1 - Statistiques

Statistiques générales
  • Ce quiz a été pris 51 fois
  • Le résultat moyen est 9 sur 20
Statistiques - réponses
Grec ancien Traduction % Correct
ὁ θεός, οῦ le dieu | la divinité
90%
ὁ ἵππος, ου le cheval
74%
ὁ λόγος, ου le discours | la parole | la raison
71%
ὁ φιλόσοφος, ου le philosophe
61%
φίλος, η, ον ami
52%
ὁ ποταμός, οῦ le fleuve
52%
(ὁ) Ὅμηρος, ου Homère
45%
Ἀθηναῖος, α, ον athénien
42%
καλός, ή, όν beau
42%
ὁ φίλος, ου l'ami
42%
ὁ ἀγρός, οῦ le champ
42%
ὁ γεωργός, οῦ le paysan
42%
ὁ ξένος, ου l'hôte | l'étranger
42%
ἔχω j'ai
39%
ὁ τύραννος le tyran
39%
ὁ δοῦλος, ου l'esclave
35%
εἰμι je suis (verbe être)
32%
ὁ ἄνθρωπος, ου l’être humain | l’homme
32%
ὁ Ἀθηναῖος, ου l'Athénien
26%
ἄγω je conduis | je mène
16%
Aucun quiz correspondant
Distribution des résultats
% des personnes avec chaque résultat
Percentile par nombre de réponses
Votre historique - résultats
Vous n’avez pas pris ce quiz